000 01166nam a2200373 b 4500
001 01629121
003 DO-SdBPM
005 20260518113425.0
007 ta
008 001128s2000 sp | ||| ||spa
017 _a
_b
020 _a8446908565
035 _a
040 _aDO-SdBPM
_bspa
_cBPMSU
_e rda
_d
041 1 _aspa
_h
080 0 _a
082 0 4 _a843.5
_b V935p 2000
_222
100 1 _aVoltaire, Francois Marie Arouet de,
_d1694-1778
_4aut.
_eautor
240 1 3 _aLa princesse de Babylone
_lespañol
245 1 3 _aLa princesa de Babilonia /
_cVoltaire ; traducción y notas, Gloria Pampillo ; prólogo, Carlos Macías
_h
250 _b
264 _aMolins de Rei (Barcelona)
_bAstri,
_c2000
300 _a126 páginas ;
_c18 cm
336 _atexto
_btxt
_2rdacontent
337 _asin mediación
_bn
_2rdamedia
338 _avolumen
_bnc
_2rdacarrier
490 0 _aBiblioteca Literatura universal.
590 _aInventariado, 2026/VM
650 7 _aNovela francesa
700 1 _aMacías, Carlos
_eprólogo
700 1 _aPampillo, Gloria
_etraductor
910 _aVMateo V. Control de calidad. BPMSU
942 _2ddc
_cBK
999 _c9871
_d9871